Statistics for Emirates of the UAE

Click here to take the quiz!

General Stats

  • This quiz has been taken 39 times
  • The average score is 6 of 7

Answer Stats

Answer% Correct
Dubai
100%
Abu Dhabi
94%
Ras Al-Khaimah
78%
Sharjah
78%
Ajman
72%
Fujairah
72%
Umm Al-Quwain
64%

Score Distribution

Percentile by Number Answered

Percent of People with Each Score

Your Score History

You have not taken this quiz